[Event "7th LCT 2013"]
[Site "Leiden NED"]
[Date "2013.07.21"]
[Round "9.6"]
[White "Van Den Doel, Erik"]
[Black "Dahm, Jochen"]
[Result "0-1"]
[WhiteTitle "GM"]
[BlackTitle "FM"]
[WhiteElo "2582"]
[BlackElo "2304"]
[WhiteFideId "1003720"]
[BlackFideId "4659350"]
[EventDate "2013.07.12"]

1. e4 c5 2. Nf3 d6 3. d4 cxd4 4. Qxd4 a6 5. c4 Nc6 6. Qe3 g6 7. Be2 Bg7 8. O-O
Nf6 9. h3 O-O 10. Nc3 Nd7 11. Rd1 Nc5 12. Rb1 f5 13. exf5 Bxf5 14. Ra1 e5 15.
Nd5 a5 16. Qa3 Nd4 17. Nxd4 exd4 18. Bd2 Qh4 19. g3 Qd8 20. Bf1 Be4 21. Bg2 Bxg2
22. Kxg2 b5 23. cxb5 Qd7 24. f4 d3 25. Nc3 Qb7+ 26. Kh2 Rae8 27. Re1 Qf3 28. Rf1
Re2+ 29. Nxe2 Qxe2+ 30. Kh1 Ne4 31. Bc3 Bxc3 32. bxc3 Nxg3+ 33. Kg1 Qe3+ 34. Kg2
Ne2 35. Rf3 Nxf4+ 36. Rxf4 Rxf4 0-1

[Event "7th LCT 2013"]
[Site "Leiden NED"]
[Date "2013.07.21"]
[Round "9.7"]
[White "Zhou, Yang-Fan"]
[Black "Iljin, Artem"]
[Result "1/2-1/2"]
[WhiteTitle "IM"]
[BlackTitle "GM"]
[WhiteElo "2469"]
[BlackElo "2540"]
[WhiteFideId "468584"]
[BlackFideId "4156021"]
[EventDate "2013.07.12"]

1. e4 c6 2. d4 d5 3. e5 Bf5 4. h4 h5 5. c4 e6 6. Nc3 Nd7 7. cxd5 cxd5 8. Bd3
Bxd3 9. Qxd3 Ne7 10. Nf3 Nb8 11. Bg5 Qd7 12. O-O Nbc6 13. Nd1 Nf5 14. Ne3 Nxe3
15. fxe3 Be7 16. Rac1 O-O-O 17. Qb5 Bxg5 18. Nxg5 Rdf8 19. Rf2 f6 20. Rfc2 Kc7
21. Nf3 Rc8 22. Qd3 Kb8 23. Qg6 Qe7 24. Qg3 Ka8 25. a3 a6 26. b4 Qf7 27. Rc5 Ne7
28. a4 Rxc5 29. Rxc5 Rc8 30. exf6 gxf6 31. Qd6 Rg8 32. Rc7 Qg6 33. Ne1 Nf5 34.
Qxe6 Qg3 35. Rc8+ Rxc8 36. Qxc8+ Ka7 37. Nf3 Nxe3 38. Qc5+ Kb8 39. Qf8+ Ka7 40.
Qc5+ Kb8 41. Qf8+ 1/2-1/2